European Capitals' Ring Road Names - Statistics

General Stats
  • This quiz has been taken 25 times
  • The average score is 12 of 26
Answer Stats
Hint Answer % Correct
Attiki Odos Athens
84%
Périphérique Paris
84%
Gürtel / Ringstraße Vienna
84%
M25 London
79%
D0 Motorway / Městský okruh Prague
68%
Grande Raccordo Anulare Rome
63%
-er Ring Berlin
58%
Kehä I / Kehä III Helsinki
58%
- Ringveg Oslo
58%
Segunda Circular Lisbon
53%
Obilaznica oko -a Belgrade
47%
M50 Motorway Dublin
47%
- bypass (Obvoznica) Ljubljana
47%
Ring - (A10) Amsterdam
42%
R0 (-se Ring) Brussels
42%
M0 Motorway Budapest
42%
Okolovrástnoto Sofia
42%
Centura - Bucharest
32%
M-30 / M-40 / M-50 Madrid
32%
Small Beltway / Great Beltway Kyiv
26%
- City Ring Copenhagen
21%
- Automobile Ring Road Minsk
21%
-s Ringled Stockholm
21%
- Express Ring Road Warsaw
21%
-a Ringtee Tallinn
16%
- bypass Zagreb
16%
No matching quizzes found
Score Distribution
Percent of People with Each Score
Percentile by Number Answered
Your Score History
You have not taken this quiz